東経135度線が通過する市町村 - Statistics

General Stats
  • This quiz has been taken 447 times
  • The average score is 9 of 12
Answer Stats
都道府県名 自治体名 % Correct
兵庫県 明石市
98%
兵庫県 豊岡市
85%
和歌山県 和歌山市
85%
京都府 福知山市
83%
京都府 京丹後市
81%
兵庫県 神戸市
81%
兵庫県 淡路市
78%
兵庫県 加東市
71%
兵庫県 丹波市
68%
兵庫県 西脇市
68%
兵庫県 三木市
65%
兵庫県 小野市
53%
No matching quizzes found
Score Distribution
Percent of People with Each Score
Percentile by Number Answered
Your Score History
You have not taken this quiz